MARC

LEADER 00000nam0a2200000 4500
001 268054
005 20231101234131.0
035 |a (RuTPU)RU\TPU\book\291181 
090 |a 268054 
100 |a 20140826d1985 k y0rusy50 ca 
101 0 |a rus 
102 |a RU 
105 |a a z 001zy 
200 1 |a Оптимизация решений при проектировании и планировании открытых горных работ  |e сборник научных трудов  |f Академия наук СССР (АН СССР), Сибирское отделение (СО), Институт горного дела (ИГД) ; под ред. М. В. Курлени 
210 |a Новосибирск  |c Изд-во ИГД СО АН СССР  |d 1985 
215 |a 160 с.  |c ил. 
320 |a Библиография в конце статей 
606 1 |a Горные работы открытые  |x Планирование  |2 stltpush  |3 (RuTPU)RU\TPU\subj\8227  |9 35694 
610 1 |a проектирование 
610 1 |a решения 
610 1 |a математическое моделирование 
610 1 |a программное обеспечение 
610 1 |a горное оборудование 
610 1 |a погрузочно-транспортные процессы 
610 1 |a полезные ископаемые 
675 |a 622.271:658  |v 3 
702 1 |a Курленя  |b М. В.  |4 340 
712 0 2 |a Академия наук СССР (АН СССР)  |b Сибирское отделение (СО)  |b Институт горного дела (ИГД)  |c (Новосибирск)  |2 stltpush  |3 (RuTPU)RU\TPU\col\11352 
801 1 |a RU  |b 63413507  |c 20140826 
801 2 |a RU  |b 63413507  |c 20170123  |g RCR 
942 |c BK